[Event "Bundesliga 2005/06"]
[Site "masterchessopen.com Germany"]
[Date "2006.01.29"]
[Round "9"]
[White "Nielsen Peter Heine (DEN)"]
[Black "Holzke Frank (GER)"]
[Result "1-0"]
[WhiteElo "2640"]
[BlackElo "2461"]

{ Nielsen Peter Heine (DEN) +2 =0 -0 Holzke Frank (GER) +0 =1 -1 } 1.d4 Nf6
2.c4 g6 3.Nc3 d5 4.cxd5 Nxd5 5.e4 Nxc3 6.bxc3 Bg7 7.Bc4 c5 8.Ne2 Nc6 9.Be3 O-O
10.O-O Bg4 11.f3 Na5 12.Bd3 cxd4 13.cxd4 Be6 14.d5 Bxa1 15.Qxa1 f6 { =/? }
16.Qd4 ( 16.Bh6 Re8 ( 16...Bd7 17.Bxf8 Qb6+ 18.Nd4 Rxf8 19.Rb1 Qd6 20.Qc3 Qe5
21.Rc1 Rc8 22.Qxc8+ Bxc8 23.Rxc8+ Kg7 24.Ne6+ Kh6 25.f4 Qb2 26.g4 Qd2 27.g5+
Kh5 28.Bf1 Qe3+ 29.Kg2 Qxe4+ 30.Kf2 Qxd5 31.Rh8 Kg4 32.Rxh7 Qd2+ 33.Be2+ Kf5
34.Rxe7 Nc6 35.Ng7+ Kxf4 { ...0-1, Christiansen Larry M 2625 - Lagunow
Alexander 2437 , Cologne 1992 It (open) "Porz" } ) 17.Kh1 Bd7 18.e5 Rc8 19.Ng3
Nc4 20.Bxc4 Rxc4 21.Ne4 Qb6 22.Rd1 Rxe4 23.fxe4 fxe5 24.Qxe5 Qf6 25.Qg3 e6
26.d6 e5 27.h3 b5 28.Bg5 Qe6 29.Be7 Rc8 30.Rf1 Qc4 31.Qf2 b4 32.Bg5 Bb5 33.d7
Bxd7 34.Bh6 Bf5 35.exf5 Qf7 { ...1-0, Nielsen Peter Heine 2663 - McShane Luke
J 2629 , Malme 2003 It (cat.13) } ) ( 16.Kh1 Bd7 17.e5 Rc8 18.Bh6 fxe5 19.Bxf8
Qxf8 20.Qxe5 Qf6 21.Qe3 b6 22.Ng3 Nc4 23.Qe2 Nd6 24.f4 Rc5 25.f5 Bxf5 26.Bxf5
Nxf5 27.Ne4 Qe5 28.Qf3 Rxd5 29.g4 Rd4 30.Ng5 Qe3 31.gxf5 Qxg5 32.fxg6 Qd5
33.gxh7+ Kxh7 34.Qxd5 Rxd5 35.Rf7+ Kg6 { ...0-1, Milov Vadim 2626 - Van Wely
Loek 2629 , Batumi 1999 Ch Europe (team) } ) 16...Bd7 ( 16...Bf7 17.Bh6 Re8
18.Bb5 e5 19.Qf2 Re7 20.f4 exf4 21.Qxf4 Qb6+ 22.Kh1 Bxd5 23.exd5 Qxb5 24.Qxf6
Qe8 25.Nf4 Rf7 26.Qc3 Qd8 27.Rc1 b5 28.Qg3 Rc8 29.Re1 Re7 30.Rf1 Qd6 31.Bg5
Rf7 32.h4 Nc4 33.Re1 Rcf8 34.Re6 Qa3 35.Qxa3 Nxa3 36.d6 { ...0-1, Najer
Evgeniy 2614 - Krasenkow Michal 2663 , Saint Vincent 23. 9.2005 Cup European
Club (final) } ) 17.e5 ( 17.Rb1 b5 18.Bh6 Rf7 19.e5 fxe5 20.Qxe5 Rc8 21.h4 Nc4
22.Qg3 Bf5 23.Bxf5 Rxf5 24.Nf4 Qb6+ 25.Kh2 Ne5 26.Re1 Rc2 { 0-1, Skowronski
Piotr 2080 - Macieja Bartlomiej 2613 , Poland 1994 Tournament (active) } ) (
17.Bh6 Re8 18.Rb1 e6 19.e5 f5 20.h4 b5 21.Bg5 Qb6 22.Qxb6 axb6 23.Bxb5 Bxb5
24.Rxb5 exd5 25.Rxd5 Nc4 26.Bf6 Rxa2 27.Nf4 Rd2 28.Rxd2 Nxd2 29.e6 h6 30.Kf2
Nb3 31.e7 Kf7 32.Nd5 Ke6 33.Nc7+ Kxf6 34.Nxe8+ Kxe7 35.Nc7 Kd6 36.Nb5+ Ke5 {
...0-1, Czerniakow Wieslaw 2205 - Kosiorek Marek 2360 , Warsaw 1998 Ch City }
) 17...fxe5 ( 17...a6 18.a4 fxe5 19.Qxe5 Rf6 20.Rb1 Bxa4 21.Bc5 Kf7 22.Nd4 Qd7
23.Bb6 Bb5 24.Bxb5 axb5 25.Qe6+ Ke8 26.Qg8+ Rf8 27.Qxh7 Qxd5 28.Qxg6+ Qf7
29.Qe4 Qc4 30.Nxb5 { 1-0, Kristensen Bjarke 2401 - Bae Torstein 2277 ,
Fredrikstad 2003 Ch Norway } ) 18.Qxe5 Qb8 19.Qxe7 Re8 20.Qc5 b6 21.Qc1 Qd6 {
+0.00 CAP N } ( 21...Qc8 22.Qd2 Nc4 23.Bxc4 Qxc4 24.Rc1 Qh4 25.Ng3 Rac8
26.Rxc8 Rxc8 27.Ne4 Rc2 28.Qd1 Ba4 29.Qf1 Bb5 30.Qd1 Be2 31.Qb1 Bxf3 32.Nf2
Re2 33.Qc1 Qe7 34.Qc8+ Kf7 35.gxf3 Qxe3 36.Qc7+ Kf6 37.Qd6+ Kf5 38.Qd7+ Ke5 {
0-1, Niklasson Christer 2375 - Schmidt Wlodzimierz 2485 , Malme 1976 } )
22.Bd4 Rac8 { ?! } ( 22...Re7 23.Qg5 Rf8 24.Nc3 Qf4 { } ) 23.Qh6 Qf8 24.Qh4
Bf5 { ?! } ( 24...Qf7 25.Ng3 Qe7 26.Qh6 Qf8 { } ) 25.Bxf5 Qxf5 26.Ng3 Qxd5
27.Qf6 Re7 28.Ne4 Rcc7 29.Nd6 { } {#r} 1-0

[Event "It (open) \"]
[Site "masterchessopen.com Moscow (Russia)"]
[Date "2006.02.15"]
[Round "9"]
[White "Kravtsov Sergey (RUS)"]
[Black "Nguyen Viet Tuong (VIE)"]
[Result "0-1"]
[WhiteElo "2355"]
[BlackElo "2250"]

1.d4 Nf6 2.c4 g6 3.Nc3 d5 4.cxd5 Nxd5 5.e4 Nxc3 6.bxc3 c5 7.Bc4 Bg7 8.Ne2 Nc6
9.Be3 O-O 10.O-O Bg4 11.f3 Na5 12.Bd3 cxd4 13.cxd4 Be6 14.d5 Bxa1 15.Qxa1 f6
16.Bh6 Re8 17.Kh1 Rc8 18.Nf4 Bd7 19.e5 Nc4 20.e6 Ba4 21.Qd4 Qb6 22.Qa1 Ne5
23.Be4 Bc2 24.Qe1 Bxe4 25.fxe4 Rc2 26.Qg3 Qd4 27.h4 Qc3 28.Qxc3 Rxc3 29.d6 Rc6
30.d7 Rd8 31.Nd5 Rxe6 32.Rc1 Nxd7 33.Rc7 Kf7 34.Rxb7 Nc5 35.Rxa7 Nxe4 {#R} 0-1

[Event "It (open)"]
[Site "masterchessopen.com San Pedro (USA)"]
[Date "2006.02.19"]
[Round "4"]
[White "Lee Andy C (USA)"]
[Black "Chapa Eric (USA)"]
[Result "1-0"]
[WhiteElo "2259"]
[BlackElo "2183"]

1.d4 Nf6 2.c4 g6 3.Nc3 d5 4.cxd5 Nxd5 5.e4 Nxc3 6.bxc3 Bg7 7.Bc4 c5 8.Ne2 O-O
9.O-O Nc6 10.Be3 Bg4 11.f3 Na5 12.Bd3 cxd4 13.cxd4 Be6 14.d5 Bxa1 15.Qxa1 f6
16.Kh1 Bd7 17.Bh6 Re8 18.e5 Rc8 19.Nf4 Nc4 20.e6 Ba4 21.Nxg6 hxg6 22.Bxg6 Qa5
23.Bf7+ Kh8 24.Qd4 Bc2 25.Qh4 Bh7 26.Bd2 {#r} 1-0

[Event "Tournament \"]
[Site "masterchessopen.com corr."]
[Date "2006.03.15"]
[Round "0"]
[White "Uhle Helmut"]
[Black "Schwenck Mathias"]
[Result "0-1"]
[WhiteElo "2076"]
[BlackElo "2185"]

1.d4 Nf6 2.c4 g6 3.Nc3 d5 4.cxd5 Nxd5 5.e4 Nxc3 6.bxc3 Bg7 7.Bc4 c5 8.Ne2 Nc6
9.Be3 O-O 10.O-O Bg4 11.f3 Na5 12.Bd3 cxd4 13.cxd4 Be6 14.Rc1 Bxa2 15.Qa4 Bb3
16.Qb4 b6 17.Bg5 f6 18.Bh4 Qd6 19.Qxd6 exd6 20.d5 Rfc8 21.Nd4 Bh6 22.Ba6 Rxc1
{#R} 0-1

[Event "Ch Hessen (b)"]
[Site "masterchessopen.com Marburg (Germany)"]
[Date "2006.04.13"]
[Round "1"]
[White "Stein Marco (GER)"]
[Black "Schneider Udo (GER)"]
[Result "1-0"]
[WhiteElo "2128"]
[BlackElo "1912"]

1.d4 Nf6 2.c4 g6 3.Nc3 d5 4.cxd5 Nxd5 5.e4 Nxc3 6.bxc3 Bg7 7.Bc4 c5 8.Ne2 Nc6
9.Be3 O-O 10.O-O Bg4 11.f3 Na5 12.Bd3 cxd4 13.cxd4 Be6 14.d5 Bxa1 15.Qxa1 Bd7
16.Bh6 f6 17.Rb1 Rf7 18.e5 fxe5 19.Qxe5 Qb8 20.Qc3 b6 21.Rc1 Qd6 22.Ng3 Qf6
23.Ba6 Qxc3 24.Rxc3 Bf5 25.Ne4 Rd8 26.g4 Bxe4 27.fxe4 Rf6 28.Bg5 Rf7 29.Bc8
Kg7 30.Be6 Rdf8 31.Bxf7 Kxf7 32.Rc7 Re8 33.d6 Ke6 34.Bxe7 {#r} 1-0

[Event "Ch Russia (club) (1 liga)"]
[Site "masterchessopen.com Sochi (Russia)"]
[Date "2006.04.26"]
[Round "7"]
[White "Shestakov Dmitry (RUS)"]
[Black "Danin Alexandre (RUS)"]
[Result "0-1"]
[WhiteElo "2264"]
[BlackElo "2439"]

1.d4 Nf6 2.c4 g6 3.Nc3 d5 4.cxd5 Nxd5 5.e4 Nxc3 6.bxc3 Bg7 7.Bc4 c5 8.Ne2 O-O
9.O-O Nc6 10.Be3 Bg4 11.f3 Na5 12.Bd3 cxd4 13.cxd4 Be6 14.Qa4 a6 15.Rad1 b5
16.Qa3 Nc4 17.Bxc4 Bxc4 18.Rfe1 Qd6 19.Qb2 Rfd8 20.Ng3 Rac8 21.f4 e6 22.f5
exf5 23.exf5 Qd5 24.Qf2 Re8 25.h4 Bxa2 26.f6 Bf8 27.Ra1 Bc4 28.Rxa6 b4 29.Raa1
b3 30.Bf4 Bd3 31.Rxe8 Rxe8 32.Rd1 Bc2 33.Rf1 Qb5 34.Qd2 Qd3 35.Qc1 Qxd4+
36.Kh2 Bd3 37.Rd1 b2 38.Qd2 Bb4 {#R} 0-1

[Event "It (open)"]
[Site "masterchessopen.com San Marino"]
[Date "2006.06.07"]
[Round "3"]
[White "Sparreboom Willem (NED)"]
[Black "Nordenbaek Jan (DEN)"]
[Result "0-1"]
[WhiteElo "1993"]
[BlackElo "2200"]

1.d4 Nf6 2.c4 g6 3.Nc3 d5 4.cxd5 Nxd5 5.e4 Nxc3 6.bxc3 Bg7 7.Bc4 c5 8.Ne2 O-O
9.O-O Nc6 10.Be3 Bg4 11.f3 Na5 12.Bd3 cxd4 13.cxd4 Be6 14.d5 Bxa1 15.Qxa1 f6
16.Qd4 Bf7 17.Bh6 Qd6 18.Bxf8 Kxf8 19.f4 a6 20.g3 Rc8 21.Rb1 Qa3 22.e5 Rd8
23.Be4 fxe5 24.fxe5 Nc6 25.Qb6 Bxd5 26.Qf2+ Ke8 27.Bxd5 Rxd5 28.e6 Qxa2 29.Qf1
Kd8 30.Qf4 Qxb1+ {#R} 0-1

[Event "Ch Germany (juniors) (under 18) (g)"]
[Site "masterchessopen.com Willingen (Germany)"]
[Date "2006.06.07"]
[Round "7"]
[White "Grossmann Susan (GER)"]
[Black "Hoolt Sarah (GER)"]
[Result "1-0"]
[WhiteElo "2025"]
[BlackElo "2135"]

1.d4 Nf6 2.c4 g6 3.Nc3 d5 4.cxd5 Nxd5 5.e4 Nxc3 6.bxc3 Bg7 7.Bc4 c5 8.Ne2 Nc6
9.Be3 O-O 10.O-O Bg4 11.f3 Na5 12.Bd3 cxd4 13.cxd4 Be6 14.d5 Bxa1 15.Qxa1 f6
16.Qd4 Bd7 17.e5 Bf5 18.Bxf5 gxf5 19.e6 Qd6 20.Ng3 Qe5 21.f4 Qxd4 22.Bxd4 Nc4
23.Nxf5 Rfe8 24.Rf3 h5 25.Rg3+ Kh7 26.Rg7+ Kh8 27.Rf7 Nd6 28.Bxf6+ exf6
29.Nxd6 Red8 30.e7 Kg8 31.exd8=Q+ Rxd8 32.Rxf6 {#r} 1-0

[Event "Ch Greece (team)"]
[Site "masterchessopen.com Ermioni (Greece)"]
[Date "2006.07.05"]
[Round "3"]
[White "Komninos Nikolaos (GRE)"]
[Black "Katzourakis Pavlos (GRE)"]
[Result "1-0"]
[WhiteElo "2152"]
[BlackElo "2088"]

1.d4 Nf6 2.c4 g6 3.Nc3 d5 4.cxd5 Nxd5 5.e4 Nxc3 6.bxc3 Bg7 7.Bc4 c5 8.Be3 O-O
9.Ne2 Nc6 10.O-O Bg4 11.f3 cxd4 12.cxd4 Na5 13.Bd3 Be6 14.d5 Bxa1 15.Qxa1 f6
16.Bh6 Qb6+ 17.Nd4 Rfd8 18.Be3 Bf7 19.Qe1 Qc7 20.Nb5 Qe5 21.f4 Qb2 22.Qxa5 a6
23.Nc7 b6 24.Bxb6 {#r} 1-0

[Event "It (open) (team)"]
[Site "masterchessopen.com Pardubice (Czech Republic)"]
[Date "2006.07.14"]
[Round "6"]
[White "Meskovs Nikita (LAT)"]
[Black "Rosko Lubos (CZE)"]
[Result "0-1"]
[WhiteElo "2041"]
[BlackElo "2203"]

1.d4 Nf6 2.c4 g6 3.Nc3 d5 4.cxd5 Nxd5 5.e4 Nxc3 6.bxc3 Bg7 7.Bc4 c5 8.Ne2 O-O
9.O-O Nc6 10.Be3 cxd4 11.cxd4 Bg4 12.f3 Na5 13.Bd3 Be6 14.d5 Bxa1 15.Qxa1 f6
16.Bh6 Re8 17.Kh1 Rc8 18.Nf4 Bd7 19.e5 Nc4 20.e6 Ba4 21.Re1 Ne5 22.Qd4 Qa5
23.Rg1 Red8 24.Be4 Rc4 25.Qb2 b6 26.Qf2 Qc5 27.Qe1 Bc2 28.Bxc2 Rxc2 29.h4 Rc8
30.Qg3 Qf2 31.Qh3 Rc1 32.Ne2 Rxg1+ 33.Nxg1 Qd4 34.f4 Rc1 35.Qh2 Ng4 {#R} 0-1

[Event "It (open)"]
[Site "masterchessopen.com Pardubice (Czech Republic)"]
[Date "2006.07.21"]
[Round "1"]
[White "Rau Hannes (GER)"]
[Black "Borik Juraj (SVK)"]
[Result "1-0"]
[WhiteElo "2422"]
[BlackElo "2198"]

1.d4 Nf6 2.c4 g6 3.Nc3 d5 4.cxd5 Nxd5 5.e4 Nxc3 6.bxc3 Bg7 7.Bc4 O-O 8.Ne2 c5
9.O-O Nc6 10.Be3 Bg4 11.f3 Na5 12.Bd3 cxd4 13.cxd4 Be6 14.d5 Bc8 15.Rc1 b6
16.Nd4 Nb7 17.Nc6 Qd6 18.f4 Qa3 19.Qb3 Qd6 20.e5 Qd7 21.f5 gxf5 22.Bxf5 Qc7
23.Bxc8 Raxc8 24.Nxa7 Nc5 25.Nxc8 Rxc8 26.d6 exd6 27.exd6 Qxd6 28.Qxf7+ Kh8
29.Rfd1 Qf8 30.Qxf8+ Bxf8 31.Rd5 Ra8 32.Bd4+ Kg8 33.Rg5+ Kf7 34.Rf1+ Ke8
35.Rg8 Ne6 36.Bg7 {#r} 1-0

[Event "It (open) \"]
[Site "masterchessopen.com Copenhagen (Denmark)"]
[Date "2006.07.22"]
[Round "1"]
[White "Quinn David (SCO)"]
[Black "Thingstad Anders (NOR)"]
[Result "1-0"]
[WhiteElo "2036"]
[BlackElo "2068"]

1.d4 Nf6 2.c4 g6 3.Nc3 d5 4.cxd5 Nxd5 5.e4 Nxc3 6.bxc3 Bg7 7.Bc4 c5 8.Ne2 O-O
9.O-O Nc6 10.Be3 cxd4 11.cxd4 Bg4 12.f3 Na5 13.Bd3 Be6 14.Rc1 Bxa2 15.d5 e6
16.Bc5 Re8 17.Bb5 Bb2 18.Bxe8 Qxe8 19.Qd2 Bxc1 20.Qxa2 Qb5 21.Rxc1 Nb3 22.Qb2
a6 23.Nd4 Nxd4 24.Bxd4 Qxb2 25.Bxb2 exd5 26.exd5 Rd8 27.Bf6 Ra8 28.d6 b5 29.d7
Rf8 30.Rc8 h5 31.Rxf8+ Kh7 32.Rh8# 1-0

[Event "It (open) \"]
[Site "masterchessopen.com Sukhumi (Georgia)"]
[Date "2006.08.06"]
[Round "3"]
[White "Burlov Vassili (RUS)"]
[Black "Druzhinina Olga (RUS)"]
[Result "1-0"]
[WhiteElo "2413"]
[BlackElo "2245"]

1.d4 Nf6 2.c4 g6 3.Nc3 d5 4.cxd5 Nxd5 5.e4 Nxc3 6.bxc3 Bg7 7.Bc4 c5 8.Ne2 Nc6
9.Be3 O-O 10.O-O Bg4 11.f3 Na5 12.Bd3 cxd4 13.cxd4 Be6 14.Qa4 a6 15.d5 b5
16.Qb4 Bxa1 17.Rxa1 Bd7 18.Qd4 f6 19.e5 Nc4 20.Bxc4 bxc4 21.e6 Bc8 22.Nc3 a5
23.Rd1 Ba6 24.h4 Qb8 25.Kf2 Qh2 26.Qg4 Qe5 27.Bd4 Qf5 28.Qxf5 gxf5 29.Ke3 Kg7
30.Kf4 Rab8 {#r} 1-0

[Event "Memorial Kochan"]
[Site "masterchessopen.com Koszalin (Poland)"]
[Date "2006.08.09"]
[Round "6"]
[White "Hajnrych Jakub (POL)"]
[Black "Rogalski Piotr (POL)"]
[Result "1-0"]
[WhiteElo "1955"]
[BlackElo "1760"]

1.d4 Nf6 2.c4 g6 3.Nc3 d5 4.cxd5 Nxd5 5.e4 Nxc3 6.bxc3 Bg7 7.Bc4 c5 8.Ne2 O-O
9.O-O Nc6 10.Be3 cxd4 11.cxd4 Bg4 12.f3 Na5 13.Bd3 Be6 14.Qa4 Bd7 15.Qa3 b5
16.Rac1 Nc4 17.Bxc4 bxc4 18.d5 Re8 19.Rxc4 Bb5 20.Rc2 Rc8 21.Rxc8 Qxc8 22.Rc1
Qb7 23.Qb3 Qa6 24.Nd4 Ba4 25.Qc4 Qxc4 26.Rxc4 Bxd4 27.Bxd4 Bb5 28.Rc7 Kf8
29.Bxa7 Ra8 30.a3 Ke8 31.Bc5 Bd7 32.Bb4 Kd8 33.Rc5 {#r} 1-0

[Event "It (open) \"]
[Site "masterchessopen.com Rodatychi (Ukraine)"]
[Date "2006.08.27"]
[Round "1"]
[White "Golovlev Nikolay (UKR)"]
[Black "Kolodiy Taras (UKR)"]
[Result "1-0"]
[WhiteElo "2283"]
[BlackElo "1881"]

1.d4 Nf6 2.c4 g6 3.Nc3 d5 4.cxd5 Nxd5 5.e4 Nxc3 6.bxc3 c5 7.Bc4 Bg7 8.Ne2 Nc6
9.Be3 cxd4 10.cxd4 O-O 11.O-O Bg4 12.f3 Na5 13.Bd3 Be6 14.d5 Bxa1 15.Qxa1 f6
16.Kh1 Bd7 17.e5 e6 18.Bh6 Rf7 19.Nf4 f5 20.Qe1 b6 21.Qg3 Qe7 22.h4 Rg7
23.Bxg7 Kxg7 24.h5 Qf7 25.Rc1 Rc8 26.Rxc8 Bxc8 27.Qg5 Nb7 28.h6+ Kg8 29.Bc4
Nc5 30.dxe6 Nxe6 31.Nxe6 {#r} 1-0

[Event "Ch Europe (juniors) (under 12) (g)"]
[Site "masterchessopen.com Herceg Novi (Montenegro)"]
[Date "2006.09.17"]
[Round "7"]
[White "Vince Andrea (SRB)"]
[Black "Danelia Mariam (GEO)"]
[Result "0-1"]
[WhiteElo "1932"]
[BlackElo "2022"]

1.d4 Nf6 2.c4 g6 3.Nc3 d5 4.cxd5 Nxd5 5.e4 Nxc3 6.bxc3 Bg7 7.Bc4 c5 8.Ne2 O-O
9.O-O Nc6 10.Be3 Bg4 11.f3 Na5 12.Bd3 cxd4 13.cxd4 Be6 14.d5 Bxa1 15.Qxa1 f6
16.Bh6 Re8 17.Kh1 Bd7 18.e5 Rc8 19.Nf4 Nc4 20.e6 Ba4 21.Qe1 Ne5 22.Qe4 Nxd3
23.Nxg6 Bc2 24.Qg4 Nf2+ 25.Rxf2 Bxg6 26.Qd4 Qb6 27.Qxb6 axb6 28.g4 Red8 29.Rd2
Rc1+ 30.Kg2 Rc2 31.Rxc2 Bxc2 32.Be3 b5 33.Bc5 Kf8 34.d6 exd6 35.Bb6 Rc8 36.f4
f5 37.h3 Ke7 38.g5 Kxe6 39.h4 Bd1 {#R} 0-1

[Event "It (open) (b)"]
[Site "masterchessopen.com Graz (Austria)"]
[Date "2006.09.19"]
[Round "4"]
[White "Meixner Helmut (AUT)"]
[Black "Molnar Attila (AUT)"]
[Result "1-0"]
[WhiteElo "1849"]
[BlackElo "2062"]

1.d4 Nf6 2.c4 g6 3.Nc3 d5 4.cxd5 Nxd5 5.e4 Nxc3 6.bxc3 Bg7 7.Bc4 O-O 8.Ne2 c5
9.O-O Nc6 10.Be3 Bg4 11.f3 cxd4 12.cxd4 Na5 13.Bd3 Be6 14.d5 Bxa1 15.Qxa1 f6
16.Bb5 Bf7 17.Kh1 a6 18.Ba4 b5 19.Bc2 Rc8 20.Bb1 Qd6 21.Qd4 Rc4 22.Qd2 Ra4
23.Bf4 Qb4 24.Qd1 Nc4 25.Nd4 Nb2 26.Nc6 Nxd1 27.Nxb4 Nf2+ 28.Kg1 Rxb4 29.Kxf2
Bxd5 30.Bh6 Bc4 31.Rd1 Rc8 32.e5 Bxa2 33.Bxa2+ Kh8 34.Be6 Rb8 35.exf6 exf6
36.Rd7 Rg8 37.Bg7+ Rxg7 38.Rd8+ Rg8 39.Rxg8# 1-0

[Event "It (open)"]
[Site "masterchessopen.com Liberec (Czech Republic)"]
[Date "2006.11.18"]
[Round "9"]
[White "Pinc Miroslav (CZE)"]
[Black "Rattinger Friedrich (AUT)"]
[Result "1-0"]
[WhiteElo "2192"]
[BlackElo "2138"]

1.d4 Nf6 2.c4 g6 3.Nc3 d5 4.cxd5 Nxd5 5.e4 Nxc3 6.bxc3 Bg7 7.Bc4 O-O 8.Ne2 c5
9.O-O Nc6 10.Be3 cxd4 11.cxd4 Bg4 12.f3 Na5 13.Bd3 Be6 14.Qa4 Bd7 15.Qb4 b5
16.Rac1 Nc6 17.Qd2 a6 18.f4 e6 19.Kh1 Rc8 20.f5 exf5 21.exf5 Bxf5 22.Rxf5 gxf5
23.Bxf5 Ne7 24.Bxc8 Nxc8 25.d5 Nd6 26.Bd4 Nc4 27.Qc3 f6 28.Nf4 Bh6 29.Qg3+ Kf7
30.Rf1 Qd6 31.Ne6 Qxg3 32.hxg3 Be3 33.Rxf6+ Ke7 34.Rxf8 Bxd4 35.Ra8 Be5
36.Rxa6 Bxg3 37.Nd4 b4 38.Nf5+ {#r} 1-0

[Event "Ch Slovakia (team) 2006/07 (2 liga) (b)"]
[Site "masterchessopen.com Slovakia"]
[Date "2006.11.26"]
[Round "4"]
[White "Zahorsky Robert (SVK)"]
[Black "Kukel Imre (SVK)"]
[Result "1-0"]
[WhiteElo "1952"]
[BlackElo "2251"]

1.d4 Nf6 2.c4 g6 3.Nc3 d5 4.cxd5 Nxd5 5.e4 Nxc3 6.bxc3 Bg7 7.Bc4 c5 8.Be3 Nc6
9.Ne2 cxd4 10.cxd4 O-O 11.O-O Bg4 12.f3 Na5 13.Bd3 Be6 14.Qa4 a6 15.Rac1 b5
16.Qc2 Rc8 17.Qd2 Nc4 18.Bxc4 Bxc4 19.d5 Qd6 20.Rfd1 a5 21.Nd4 b4 22.Nc6 Rxc6
23.dxc6 Qxc6 24.Qf2 Qe6 25.Bd4 Bxa2 26.Rc5 a4 27.Bxg7 Qb3 28.Ra1 Kxg7 29.Qxa2
Qe3+ 30.Qf2 {#r} 1-0

[Event "Czech League 2006/07 (2nd) (d)"]
[Site "masterchessopen.com Czech Republic"]
[Date "2006.12.03"]
[Round "4"]
[White "Kratochvil Karel (CZE)"]
[Black "Sekanina Jiri (CZE)"]
[Result "1-0"]
[WhiteElo "2124"]
[BlackElo "2151"]

1.d4 Nf6 2.c4 g6 3.Nc3 d5 4.cxd5 Nxd5 5.e4 Nxc3 6.bxc3 Bg7 7.Bc4 c5 8.Ne2 Nc6
9.Be3 O-O 10.O-O Bg4 11.f3 Na5 12.Bd3 cxd4 13.cxd4 Be6 14.d5 Bxa1 15.Qxa1 f6
16.Bh6 Re8 17.Nf4 Bf7 18.e5 Bxd5 19.exf6 exf6 20.Nxd5 Qxd5 21.Qxf6 Qe5 22.Qxe5
Rxe5 23.Rd1 Kf7 24.Bf4 Re7 25.Be4 Rae8 26.Bd5+ Kg7 27.Bd2 Nc6 28.Bc3+ Kh6
29.f4 Re2 30.g4 g5 31.Bxc6 bxc6 32.f5 R2e5 33.Rd6+ Kg7 34.Re6 {#r} 1-0

[Event "Memorial N.Aratovsky (open)"]
[Site "masterchessopen.com Saratov (Russia)"]
[Date "2006.12.04"]
[Round "8"]
[White "Akhmadeev Valery (RUS)"]
[Black "Glazkov Arseny (RUS)"]
[Result "1-0"]
[WhiteElo "2244"]
[BlackElo "2039"]

1.d4 Nf6 2.c4 g6 3.Nc3 d5 4.cxd5 Nxd5 5.e4 Nxc3 6.bxc3 Bg7 7.Bc4 O-O 8.Ne2 c5
9.O-O cxd4 10.cxd4 Nc6 11.Be3 Bg4 12.f3 Na5 13.Bd3 Be6 14.Rc1 Bxa2 15.Qa4 Be6
16.d5 Bd7 17.Qb4 b6 18.Rfd1 f5 19.h3 fxe4 20.fxe4 Nb7 21.Ba6 Nd6 22.Nd4 Be5
23.Nc6 Bxc6 24.dxc6 Qc7 25.Rd5 Bf4 26.Qb3 Bxe3+ 27.Qxe3 e6 28.Rdd1 Rad8 29.Qb3
Kf7 30.Rf1+ Ke7 31.Qb4 Rxf1+ 32.Rxf1 Ke8 33.Bb5 Nf7 34.Qb3 Ke7 35.Qf3 Kf8
36.Qf6 Re8 37.Qh8+ Ke7 38.Rxf7+ Kxf7 39.Qxh7+ {#r} 1-0

[Event "It (open)"]
[Site "masterchessopen.com Bethune (France)"]
[Date "2006.12.29"]
[Round "6"]
[White "Wallart Adrien (FRA)"]
[Black "Jactel Nicolas (FRA)"]
[Result "0-1"]
[WhiteElo "2235"]
[BlackElo "2089"]

1.d4 Nf6 2.c4 g6 3.Nc3 d5 4.cxd5 Nxd5 5.e4 Nxc3 6.bxc3 Bg7 7.Bc4 c5 8.Be3 O-O
9.Ne2 Nc6 10.O-O Bg4 11.f3 Na5 12.Bd3 cxd4 13.cxd4 Be6 14.d5 Bxa1 15.Qxa1 f6
16.Qd4 Bd7 17.Bh6 Re8 18.e5 Qb6 19.Qxb6 axb6 20.e6 Ba4 21.Nc3 b5 22.Nxb5 Rac8
23.d6 Bxb5 24.Bxb5 exd6 25.Bxe8 Rxe8 26.Re1 Nc6 27.Rb1 Nd8 28.Rb6 Rxe6 29.Bf4
d5 30.Rb5 d4 31.Rb4 d3 32.Rd4 Re1+ 33.Kf2 Re2+ 34.Kg3 Ne6 35.Rxd3 Rxg2+ {#R}
0-1

[Event "Ch Estonia"]
[Site "masterchessopen.com Tallinn (Estonia)"]
[Date "2007.01.25"]
[Round "7"]
[White "Kanep Meelis (EST)"]
[Black "Zjukin Sergei (EST)"]
[Result "1-0"]
[WhiteElo "2515"]
[BlackElo "2313"]

1.d4 Nf6 2.c4 g6 3.Nc3 d5 4.cxd5 Nxd5 5.e4 Nxc3 6.bxc3 Bg7 7.Bc4 c5 8.Ne2 O-O
9.O-O Nc6 10.Be3 Bg4 11.f3 Na5 12.Bd3 cxd4 13.cxd4 Be6 14.d5 Bxa1 15.Qxa1 f6
16.Qd4 Bd7 17.e5 fxe5 18.Qxe5 Qb8 19.Qxe7 Re8 20.Qc5 b6 21.Qc1 Qc8 22.Ng3 Qxc1
23.Bxc1 Rec8 24.Ne4 Ba4 25.Nf6+ Kg7 26.Bb2 Nc4 27.Bd4 Nd2 {#r} 1-0

[Event "Czech League 2006/07 (krajsky prebor)"]
[Site "masterchessopen.com Czech Republic"]
[Date "2007.02.04"]
[Round "0"]
[White "Krizek Frantisek (CZE)"]
[Black "Riska Lubomir (CZE)"]
[Result "1-0"]
[WhiteElo "2141"]
[BlackElo "2218"]

1.c4 Nf6 2.Nc3 d5 3.cxd5 Nxd5 4.d4 g6 5.e4 Nxc3 6.bxc3 c5 7.Bc4 Bg7 8.Ne2 O-O
9.O-O Nc6 10.Be3 Bg4 11.f3 Na5 12.Bd3 cxd4 13.cxd4 Be6 14.Qd2 Nc4 15.Bxc4 Bxc4
16.Rfd1 b5 17.Rab1 e6 18.Nc3 Qd7 19.Bh6 Bxh6 20.Qxh6 Rfb8 21.e5 Bd5 22.Rd2 Rc8
23.Ne4 f5 24.exf6 Rf8 25.Rxb5 Qxb5 26.Qg7# 1-0

[Event "It (open)"]
[Site "masterchessopen.com Lienz (Austria)"]
[Date "2007.02.12"]
[Round "4"]
[White "Kleiser Gregor (AUT)"]
[Black "Kratschmer Heinz (AUT)"]
[Result "1-0"]
[WhiteElo "2323"]
[BlackElo "2099"]

1.d4 Nf6 2.c4 g6 3.Nc3 d5 4.cxd5 Nxd5 5.e4 Nxc3 6.bxc3 Bg7 7.Bc4 c5 8.Ne2 O-O
9.O-O Nc6 10.Be3 cxd4 11.cxd4 Bg4 12.f3 Na5 13.Bd3 Be6 14.Rc1 Bxa2 15.Qa4 Be6
16.d5 Bd7 17.Qb4 b6 18.Ba6 Re8 19.Bf4 e5 20.dxe6 fxe6 21.Rfd1 e5 22.Be3 Bf8
23.Qb2 Bc5 24.Bxc5 bxc5 25.Qa2+ Be6 26.Rxd8 Bxa2 27.Rxa8 Rxa8 28.Ra1 {#r} 1-0

[Event "Ch Moscow (1/2 final) (open)"]
[Site "masterchessopen.com Moscow (Russia)"]
[Round "5"]
[White "Ulko Jaroslav (RUS)"]
[Black "Vorobjov Denis S (RUS)"]
[Result "1-0"]
[WhiteElo "2485"]
[BlackElo "2227"]

1.d4 Nf6 2.c4 g6 3.Nc3 d5 4.cxd5 Nxd5 5.e4 Nxc3 6.bxc3 Bg7 7.Bc4 c5 8.Ne2 O-O
9.O-O Nc6 10.Be3 cxd4 11.cxd4 Bg4 12.f3 Na5 13.Bd3 Be6 14.Rc1 Bxa2 15.Qa4 Be6
16.d5 Bd7 17.Qb4 e6 18.Bf4 Qb6+ 19.Qxb6 axb6 20.Rc7 Rfd8 21.Bg5 f6 22.Be3 exd5
23.exd5 Bc6 24.Bxb6 Rxd5 25.Nf4 Rdd8 26.Rxg7+ Kxg7 27.Ne6+ {#r} 1-0

[Event "Tournament (weekend) (a)"]
[Site "masterchessopen.com Ceriano Laghetto I(Ttaly)"]
[Round "3"]
[White "Brugo Marco (ITA)"]
[Black "Valsecchi Alessio (ITA)"]
[Result "0-1"]
[WhiteElo "2104"]
[BlackElo "2215"]

1.d4 Nf6 2.c4 g6 3.Nc3 d5 4.cxd5 Nxd5 5.e4 Nxc3 6.bxc3 c5 7.Bc4 Bg7 8.Be3 Nc6
9.Ne2 O-O 10.O-O Bg4 11.f3 Na5 12.Bd3 cxd4 13.cxd4 Be6 14.d5 Bxa1 15.Qxa1 f6
16.Bh6 Re8 17.Nf4 Bf7 18.Kh1 Qd6 19.h4 Rac8 20.h5 Nc4 21.g4 Ne5 22.Bb5 Red8
23.Nd3 Nxd3 24.Bxd3 Qg3 25.g5 Rd6 26.Be2 Rc2 27.Qd1 Rxa2 28.f4 Rxd5 {#R} 0-1

[Event "Ch Schleswig Holstein (VM)"]
[Site "masterchessopen.com Itzehoe (Germany)"]
[Round "2"]
[White "Magnussen Helge (GER)"]
[Black "Kemeny Matthias (GER)"]
[Result "1-0"]
[WhiteElo "2006"]
[BlackElo "2055"]

1.d4 Nf6 2.c4 g6 3.Nc3 d5 4.cxd5 Nxd5 5.e4 Nxc3 6.bxc3 Bg7 7.Bc4 c5 8.Ne2 Nc6
9.Be3 O-O 10.O-O cxd4 11.cxd4 Bg4 12.f3 Na5 13.Bd3 Be6 14.d5 Bxa1 15.Qxa1 f6
16.Bh6 Re8 17.Nf4 Bd7 18.e5 Qb6+ 19.Kh1 fxe5 20.Ne6 Qd6 21.Re1 Rec8 22.Rxe5
Qa3 23.Qb1 Be8 24.Nf8 Bf7 25.Nxg6 hxg6 26.Bxg6 Rc7 27.h4 Qd6 28.Bxf7+ Kxf7
29.Re6 Ke8 30.Qg6+ Kd7 31.Rxd6+ exd6 32.Qf7+ {#r} 1-0